000 00608cam a22001931 4500
001 sa 64004203
003 DLC
005 20260227112023.0
008 781018s1963 ii cj 000 0beng
010 _asa 64004203
025 _aPL480:I-E-2710
040 _aDLC
_cDLC
_dDLC
050 0 0 _aGV1785.B34
_bN3
100 2 _aNarayana Menon, Vatakke Kurupath,
_d1911-
245 0 0 _aBalasaraswati,
_cby Narayana Menon. Photographs by Marilyn Silverstone.
260 _aNew Delhi,
_bInter-national Cultural Centre
_c[1963?]
300 _a23 p.
_bgeneal. tables, ports. (part col.)
_c28 cm.
600 0 0 _aBalasaraswati.
999 _c58371
_d58371